000 00902nam a2200253Ia 4500
003 OSt
005 20250111090457.0
008 210716s2002 xx 000 0 und d
020 _a0070495726
040 _cAIMIT LIBRARY
041 _aeng
082 _a005.7401
_21
_bBURD
100 _aBurleson, Donald K.
_9193069
245 _aOracle9i unix administration handbook /
_cBy Donald K. Burleson.
250 _a1st ed.
260 _aNew Delhi :
_bTata McGraw Hill Publishing Company Ltd ,
_c2002.
300 _axxii,530 p.;
_bPB
_c24.5 cm.
650 _aUnix server management
_9193070
650 _aDisk management in unix
_9193071
650 _aOracle interfaces with the unix server
_9193072
650 _aInteraction between oracle and the unix serverUnix administration for the oracle dba
_9193073
650 _aOracle file management in unix
_9193074
942 _2ddc
_cBK
_e1st
_k005.7401 BURD
999 _c185100
_d185100